000 01034cab a2200193 4500
001 ##L135954
008 061219n2006 000 0 eng u
035 _a(Sirsi) u135954
041 0 _aeng
100 1 _aMcCormick, Helen
245 0 0 _aCarillion on-track for success
260 _c2006
490 0 _aContract Journal
_v436(6605) 13 December 2006
520 _aCarillion topped the new work winners monthly league table for November 2006, with Laing O'Rourke in second place and Skanska in third. Balfour Beatty remained at the top of the new work winners table for the past 12 months. New orders dropped significantly in November 2006 compared with October 2006 and the total was also down on November 2005. The civils sector remained healthy, but public sector work nearly halved compared with October's figures. Includes tables giving breakdown of work by geographical region and sector for the last 12 months.
590 _aKA
651 4 _aGREAT BRITAIN
690 _aBUILT ENVIRONMENT-CONSTRUCTION MARKET
942 _n0
999 _c78077
_d78077